Normal view
MARC view
- Visualization and Mental Rehearsal Seeing is Believing Success Stories of Visualization
Entry Topical Term
001 - CONTROL NUMBER
- control field: 215567
003 - CONTROL NUMBER IDENTIFIER
- control field: OSt
005 - DATE AND TIME OF LATEST TRANSACTION
- control field: 20251128161818.0
008 - FIXED-LENGTH DATA ELEMENTS
- fixed length control field: 251128|| aca||aabn | a|a d
040 ## - CATALOGING SOURCE
- Original cataloging agency: OSt
- Transcribing agency: OSt
150 ## - HEADING--TOPICAL TERM
- Topical term or geographic name entry element: Visualization and Mental Rehearsal Seeing is Believing Success Stories of Visualization
670 ## - SOURCE DATA FOUND
- Source citation: Work cat.: (OSt)369172: Singh S. 215541, You Become What You Think, 2023